Statistiques concernant Conseil de l'Europe

Cliquez ici pour prendre le quiz!

Statistiques générales

  • Ce quiz a été pris 95 fois
    (94 depuis la dernière actualisation)
  • Le résultat moyen est 45 sur 53

Statistiques - réponses

Etats membres% Correct
France
95%
Turquie
95%
Allemagne
93%
Andorre
93%
Islande
93%
Portugal
93%
Albanie
91%
Espagne
91%
Finlande
91%
Grèce
91%
Lettonie
91%
Liechtenstein
91%
Lituanie
91%
Norvège
91%
Royaume-Uni
91%
Russie
91%
Slovénie
91%
Suède
91%
Suisse
91%
Vatican (Saint-Siège)
91%
Belgique
89%
Biélorussie
89%
Estonie
89%
Hongrie
89%
Irlande
89%
Italie
89%
Saint-Marin
89%
Serbie
89%
Autriche
86%
Bulgarie
86%
Chypre
86%
Croatie
86%
Danemark
86%
Pologne
86%
Slovaquie
86%
Ukraine
86%
Malte
84%
Moldavie
84%
Monaco
84%
Monténégro
84%
Pays-Bas
84%
République Tchèque
84%
Roumanie
84%
Macédoine du Nord
82%
Géorgie
80%
Luxembourg
80%
Arménie
77%
Bosnie-Herzégovine
75%
Azerbaïdjan
73%
Etats-Unis
70%
Canada
57%
Japon
57%
Mexique
52%

Distribution des résultats

Percentile par nombre de réponses

% des personnes avec chaque résultat

Votre développement - résultats

Vous n’avez pas pris ce quiz depuis la dernière actualisation